| 000 | 004090000a22001690004500 | ||
|---|---|---|---|
| 003 | LK-CoMWRAF | ||
| 008 | 230817t ||||| |||| 00| 0 eng d | ||
| 040 |
_aLK-CoMWRAF _dLK-CoMWRAF _eLK-CoMWRAF |
||
| 041 | _aeng | ||
| 082 |
_a025 _bJAY |
||
| 245 |
_aChanges _b |
||
| 260 |
_aColombo _bEnglish writers cooperative ofSL _c1999 |
||
| 300 | _ap.68 | ||
| 490 | _aVol.8 No.2 | ||
| 650 | _aliterature | ||
| 942 | _cBK | ||
| 999 |
_c3065 _d3065 |
||